Australia: a study of warm envuronments and their effect on British settlement (Record no. 413667)

000 -LEADER
fixed length control field 00436cam a22001337a 4500
008 - FIXED-LENGTH DATA ELEMENTS--GENERAL INFORMATION
fixed length control field 180718b1958 xxu||||| |||| 00| 0 eng d
082 ## - DEWEY DECIMAL CLASSIFICATION NUMBER
Classification number A7x94 T214
100 ## - MAIN ENTRY--PERSONAL NAME
Personal name Taylor, Griffith
245 ## - TITLE STATEMENT
Title Australia: a study of warm envuronments and their effect on British settlement
Statement of responsibility, etc. by Griffith Taylor
260 ## - PUBLICATION, DISTRIBUTION, ETC.
Place of publication, distribution, etc. London
Name of publisher, distributor, etc. Methuen
Date of publication, distribution, etc. 1958
300 ## - PHYSICAL DESCRIPTION
Extent xv, 490p
650 ## - SUBJECT ADDED ENTRY--TOPICAL TERM
Topical term or geographic name entry element Human geography -Australia
650 ## - SUBJECT ADDED ENTRY--TOPICAL TERM
Topical term or geographic name entry element Physical geography -Australia
Holdings
Withdrawn status Lost status Damaged status Not for loan Permanent Location Current Location Date acquired Full call number Barcode Date last seen Price effective from Koha item type
        Indian Institute of Public Administration Indian Institute of Public Administration 2009-02-17 A7x94 T214 19055 2018-07-21 2018-07-21 Book

Powered by Koha